Culture générale - QCM #1 - Statistiques

Statistiques générales
  • Ce quiz a été pris 255 fois
  • Le résultat moyen est 10 sur 15
Statistiques - réponses
Question Réponse % Correct
Dans quelle ville peut-on voir le célèbre Colisée ? Rome
90%
Qui a écrit Roméo et Juliette ? William Shakespeare
90%
Quel est le plus grand océan du monde ? Océan Pacifique
87%
Qui a peint La Nuit étoilée ? Vincent Van Gogh
85%
Quel est le joueur de football le mieux payé au monde en 2024 ? Cristiano Ronaldo
81%
Quelle est la capitale du Canada ? Ottawa
81%
Quelle est la planète la plus proche du Soleil ? Mercure
74%
Comment s'appelle le fondateur de Facebook ? Mark Zuckerberg
69%
Qui est Lance Stroll ? Un pilote de Formule 1 canadien
62%
Quel est l’élément chimique le plus abondant dans l’univers ? Hydrogène
57%
Quel est le taux de réussite au diplôme national du brevet en 2022 ? 93%
47%
Quel acteur n'est pas présent dans "Le Dîner de cons" Jean Carmet
43%
En quelle année est né Charles de Gaulle ? 1890
41%
Où se situe le siège historique du constructeur de voitures de sport Ferrari ? Maranello
40%
Qui est le pokémon n°222 ? Corayon
30%
Aucun quiz correspondant
Distribution des résultats
% des personnes avec chaque résultat
Percentile par nombre de réponses
Votre historique - résultats
Vous n’avez pas pris ce quiz